00361nam a2200133Ia 4500100003900000942000700039654001300046245002200059260002400081300000800105546001200113999001700125952008500142 aWinston/P.H./ Narasimhan & Sundar  cBK acomputer aON to JAVA 1.2. bAddison Weslyc1998 a379 aENGLISH c31008d31008 001040708CRCaCRCEbCRCEd2023-03-17l0o p11337r2023-03-17w2023-03-17yBK